000
00328nam a22001457a 4500
008
230329b ||||| |||| 00| 0 eng d
020
_a
9780803616936
041
_a
eng
080
_2
FOURTH EDITION
_a
610.73
082
_a
610.73BEN
100
_a
7
101
_a
INFE
245
_a
OB/GYN MENTOR
_c
BENSON.D.M
942
_2
udc
_c
BK
999
_c
59479
_d
59479